Sociology of Deviant Behavior / (Record no. 755)

MARC details
000 -LEADER
fixed length control field 00481nam a22001457a 4500
008 - FIXED-LENGTH DATA ELEMENTS--GENERAL INFORMATION
fixed length control field 110428t xxu||||| |||| 00| 0 eng d
082 ## - DEWEY DECIMAL CLASSIFICATION NUMBER
Classification number 364 CLI
100 ## - MAIN ENTRY--PERSONAL NAME
Personal name Clinard, Marshall B.
9 (RLIN) 2059
245 ## - TITLE STATEMENT
Title Sociology of Deviant Behavior /
Statement of responsibility, etc Marshall B. Clinard :
250 ## - EDITION STATEMENT
Edition statement Rev ed.
260 ## - PUBLICATION, DISTRIBUTION, ETC. (IMPRINT)
Place of publication, distribution, etc London:
Date of publication, distribution, etc 1966.
300 ## - PHYSICAL DESCRIPTION
Extent xiv, 698p.;
Dimensions 24 cm.
942 ## - ADDED ENTRY ELEMENTS (KOHA)
Source of classification or shelving scheme Dewey Decimal Classification
Item type Books
Holdings
Withdrawn status Lost status Source of classification or shelving scheme Damaged status Not for loan Home library Current library Shelving location Date acquired Total Checkouts Full call number Barcode Date last seen Price effective from Koha item type
    Dewey Decimal Classification     Law Development Centre Main Library Law Development Centre Main Library Text Books and Laws 04/28/2011   364 CLI 2011/2507 04/28/2011 04/28/2011 Books